<?xml version="1.0" encoding="UTF-8"?>
<record
    xmlns:xsi="http://www.w3.org/2001/XMLSchema-instance"
    xsi:schemaLocation="http://www.loc.gov/MARC21/slim http://www.loc.gov/standards/marcxml/schema/MARC21slim.xsd"
    xmlns="http://www.loc.gov/MARC21/slim">

  <leader>02990nam a2200397 i 4500</leader>
  <controlfield tag="003">DO-SdBNP</controlfield>
  <controlfield tag="005">20260209124951.0</controlfield>
  <controlfield tag="007">ta</controlfield>
  <controlfield tag="008">260209b2022    dr c|||| |||| 00| 0 </controlfield>
  <datafield tag="020" ind1=" " ind2=" ">
    <subfield code="a">9789945629279</subfield>
  </datafield>
  <datafield tag="040" ind1=" " ind2=" ">
    <subfield code="a">DO-SdBNP</subfield>
    <subfield code="b">spa</subfield>
    <subfield code="c">BNPHU</subfield>
    <subfield code="e">rda</subfield>
  </datafield>
  <datafield tag="041" ind1=" " ind2=" ">
    <subfield code="a">spa</subfield>
  </datafield>
  <datafield tag="082" ind1=" " ind2="4">
    <subfield code="a">RD860.8</subfield>
    <subfield code="b">C744o 2022</subfield>
    <subfield code="2">22</subfield>
  </datafield>
  <datafield tag="111" ind1="2" ind2=" ">
    <subfield code="a">Concurso de Arte y Literatura Bancentral</subfield>
    <subfield code="n">(25 :</subfield>
    <subfield code="d">2021 :</subfield>
    <subfield code="c">Santo Domingo, Rep&#xFA;blica Dominicana)</subfield>
    <subfield code="9">75208</subfield>
  </datafield>
  <datafield tag="245" ind1="1" ind2="0">
    <subfield code="a">Obras premiadas del vig&#xE9;simo quinto concurso de arte y literatura Bancentral 2021 </subfield>
  </datafield>
  <datafield tag="264" ind1=" " ind2="4">
    <subfield code="a">Santo Domingo :</subfield>
    <subfield code="b">Banco Central de la Rep&#xFA;blica Dominicana</subfield>
    <subfield code="c">&#xA9;2022.</subfield>
  </datafield>
  <datafield tag="300" ind1=" " ind2=" ">
    <subfield code="a">181 p&#xE1;ginas :</subfield>
    <subfield code="b">retratos ;</subfield>
    <subfield code="c">23 cm.</subfield>
  </datafield>
  <datafield tag="336" ind1=" " ind2=" ">
    <subfield code="a">texto</subfield>
    <subfield code="b">txt</subfield>
    <subfield code="2">rdacontent</subfield>
  </datafield>
  <datafield tag="337" ind1=" " ind2=" ">
    <subfield code="a">sin mediaci&#xF3;n</subfield>
    <subfield code="b">n</subfield>
    <subfield code="2">rdamedia</subfield>
  </datafield>
  <datafield tag="338" ind1=" " ind2=" ">
    <subfield code="a">volumen</subfield>
    <subfield code="b">nc</subfield>
    <subfield code="2">rdacarrier</subfield>
  </datafield>
  <datafield tag="490" ind1="1" ind2=" ">
    <subfield code="a">Colecci&#xF3;n del Banco Central de la Rep&#xFA;blica Dominicana ;</subfield>
    <subfield code="v">301</subfield>
  </datafield>
  <datafield tag="490" ind1="1" ind2=" ">
    <subfield code="a">Serie Obras Premiadas </subfield>
    <subfield code="v">25</subfield>
  </datafield>
  <datafield tag="505" ind1="0" ind2=" ">
    <subfield code="a">Presentaci&#xF3;n --</subfield>
    <subfield code="t">Introducci&#xF3;n --</subfield>
    <subfield code="t">Cuento--</subfield>
    <subfield code="g">Primer premio --</subfield>
    <subfield code="t">La ni&#xF1;era /</subfield>
    <subfield code="r">Luis Javier--</subfield>
    <subfield code="g">Segundo premio --</subfield>
    <subfield code="t">Los &#xA0;&#xE1;ngeles no viven aqu&#xED; /</subfield>
    <subfield code="r">Jes&#xFA;s Mart&#xED;n Sacrist&#xE1;n--</subfield>
    <subfield code="g">Tercer premio --</subfield>
    <subfield code="t">El beso /</subfield>
    <subfield code="r">Manuel A. Yermenos Santos--</subfield>
    <subfield code="g">Menci&#xF3;n de honor --</subfield>
    <subfield code="t">Mike/</subfield>
    <subfield code="r">Luis Javier--</subfield>
    <subfield code="g">Menci&#xF3;n de honor --</subfield>
    <subfield code="t">La mec&#xE1;nica del odio /</subfield>
    <subfield code="r">Jes&#xFA;s Mart&#xED;n Sacrist&#xE1;n--</subfield>
    <subfield code="g">Menci&#xF3;n de honor --</subfield>
    <subfield code="t">M&#xE1;s all&#xE1; de las palabras/</subfield>
    <subfield code="r">Domingo Marte.</subfield>
  </datafield>
  <datafield tag="505" ind1="0" ind2=" ">
    <subfield code="a">Pintura --</subfield>
    <subfield code="g">Primer premio --</subfield>
    <subfield code="t">Fruta del para&#xED;so /</subfield>
    <subfield code="r">Rafael El&#xED;as Fern&#xE1;ndez Garc&#xED;a --</subfield>
    <subfield code="g">Segundo premio --</subfield>
    <subfield code="t">Lavandera /</subfield>
    <subfield code="r">Dinorah Ba&#xE9;z de P&#xE9;rez --</subfield>
    <subfield code="g">Tercer premio --</subfield>
    <subfield code="t">Las meninas de Santo Domingo  en homenaje a Diego Vel&#xE1;zquez /</subfield>
    <subfield code="r">Nelly Margarita Franco Car&#xED;as --</subfield>
  </datafield>
  <datafield tag="505" ind1="0" ind2=" ">
    <subfield code="a">Dibujo --</subfield>
    <subfield code="g">Primer premio --</subfield>
    <subfield code="t">Reflejos /</subfield>
    <subfield code="r">Jovanny del R&#xED;o --</subfield>
    <subfield code="g">Segundo premio --</subfield>
    <subfield code="t">Naturalez vs. deforestaci&#xF3;n /</subfield>
    <subfield code="r">Juan Elidio Est&#xE9;vez Hurtado --</subfield>
    <subfield code="g">Tercer premio --</subfield>
    <subfield code="t">Catedral Primada de Am&#xE9;rica /</subfield>
    <subfield code="r">Manuel A. Concepci&#xF3;n --</subfield>
  </datafield>
  <datafield tag="505" ind1="0" ind2=" ">
    <subfield code="a">Fotograf&#xED;a --</subfield>
    <subfield code="g">Primer premio --</subfield>
    <subfield code="t">Mapa Mundi /</subfield>
    <subfield code="r">Wagner David Figuereo de Jes&#xFA;s /</subfield>
    <subfield code="g">Segundo premio --</subfield>
    <subfield code="t">Bodeg&#xF3;n /</subfield>
    <subfield code="r">Luisa F. Medina de Fr&#xED;as --</subfield>
    <subfield code="g">Tercer premio --</subfield>
    <subfield code="t">El fantasme del cach&#xFA;a /</subfield>
    <subfield code="r">Amarilis Cueto Cabrera --</subfield>
    <subfield code="g">Menci&#xF3;n de honor --</subfield>
    <subfield code="t">Compartiendo la escasez /</subfield>
    <subfield code="r">Domingo Marte --</subfield>
    <subfield code="g">Menci&#xF3;n de honor --</subfield>
    <subfield code="t">Una nueva esperanza /</subfield>
    <subfield code="r">Isidro P&#xE9;rez</subfield>
    <subfield code="g">Menci&#xF3;n de honor --</subfield>
    <subfield code="t">Al final de la jornada /</subfield>
    <subfield code="r">Pr&#xF3;spero Eloy P&#xE9;rez B&#xE1;ez --</subfield>
    <subfield code="t">Ganadores del concurso de Arte y Literatura Bancentral (1995-2021) --</subfield>
    <subfield code="t">Miembros del jurado del concurso de Arte y Literatura Bancentral (1995-2021) --</subfield>
    <subfield code="t">Colecci&#xF3;n bibliograf&#xED;ca del Banco Central de la Rep&#xFA;blica Dominicana.</subfield>
  </datafield>
  <datafield tag="590" ind1=" " ind2=" ">
    <subfield code="a">Inventariado, 2026/BT</subfield>
  </datafield>
  <datafield tag="650" ind1=" " ind2="4">
    <subfield code="a">Cuentos dominicanos</subfield>
    <subfield code="y">Siglo XXI</subfield>
    <subfield code="9">43522</subfield>
  </datafield>
  <datafield tag="650" ind1=" " ind2="4">
    <subfield code="a">Cert&#xE1;menes literarios</subfield>
    <subfield code="y">Siglo XXI</subfield>
    <subfield code="9">43523</subfield>
  </datafield>
  <datafield tag="650" ind1=" " ind2="0">
    <subfield code="a">Literatura dominicana </subfield>
    <subfield code="y">Siglo XXI</subfield>
    <subfield code="9">43524</subfield>
  </datafield>
  <datafield tag="650" ind1=" " ind2="4">
    <subfield code="a">Premios literarios</subfield>
    <subfield code="y">Siglo XXI</subfield>
    <subfield code="9">43525</subfield>
  </datafield>
  <datafield tag="650" ind1=" " ind2="4">
    <subfield code="a">Arte y literatura</subfield>
    <subfield code="y">Siglo XXI</subfield>
    <subfield code="9">75187</subfield>
  </datafield>
  <datafield tag="830" ind1=" " ind2="0">
    <subfield code="a">Colecci&#xF3;n del Banco Central de la Rep&#xFA;blica Dominicana</subfield>
    <subfield code="v">301</subfield>
    <subfield code="p">Serie Obras premiadas</subfield>
    <subfield code="n">25</subfield>
    <subfield code="9">75209</subfield>
  </datafield>
  <datafield tag="910" ind1=" " ind2=" ">
    <subfield code="a">Btav&#xE1;rez</subfield>
  </datafield>
  <datafield tag="942" ind1=" " ind2=" ">
    <subfield code="2">ddc</subfield>
    <subfield code="c">LBS1</subfield>
  </datafield>
  <datafield tag="952" ind1=" " ind2=" ">
    <subfield code="0">0</subfield>
    <subfield code="1">0</subfield>
    <subfield code="2">ddc</subfield>
    <subfield code="5">1</subfield>
    <subfield code="7">0</subfield>
    <subfield code="8">PD</subfield>
    <subfield code="a">BNPHU</subfield>
    <subfield code="b">BNPHU</subfield>
    <subfield code="c">CT</subfield>
    <subfield code="d">2026-02-09</subfield>
    <subfield code="e">Donado por Patricio de Jes&#xFA;s Le&#xF3;n</subfield>
    <subfield code="l">0</subfield>
    <subfield code="o">BNPHU PD RD860.8 C744o 2022</subfield>
    <subfield code="p">2026-0890</subfield>
    <subfield code="r">2026-02-09</subfield>
    <subfield code="w">2026-02-09</subfield>
    <subfield code="y">LBS1</subfield>
  </datafield>
  <datafield tag="999" ind1=" " ind2=" ">
    <subfield code="c">60267</subfield>
    <subfield code="d">60267</subfield>
  </datafield>
</record>
